000 01408nam0a22002891 4500
001 rc\4170975
005 20260407144713.0
021 _aRU
_b[49-34129]
035 _a(NLR Aleph) 007998280
090 _a8623358
_c8623358
100 _a20130415d1949 |||y0rusy50 ca
101 0 _arus
102 _aRU
105 _ay z |||||
200 1 _aТематический план и программа по политической экономии
_eДля высш. воен. и воен.-мор. учеб. заведений
_fУпр. пропаганды и агитации Гл. полит. упр. вооруж. сил СССР
210 _aМосква
_cВоен. изд-во
_d1949
_gТип. им. Тимошенко
215 _a63 с.
_d17
300 _aВ конце текста сост.: чл.-кор. Акад. наук СССР К.В. Островитянов, доценты В.И. Сомов, Н.С. Спиридонова
702 1 _aСомов
_bВ.И.
_4220
702 1 _aСпиридонова
_bН.С.
_4220
702 1 _aОстровитянов
_bК.В.
_gКонстантин Васильевич
_4220
712 0 1 _aСССР
_bГлавное политическое управление Советской Армии и ВМФ
_3RU\NLR\AUTH\8810020321
_9538640
801 0 _aRU
_bNLR
_gpsbo
801 1 _aRU
_bELAR
_2rusmarc
852 _aNLR
_jЭк14 Г-2/12
942 _cBOOK
980 _aNB